banner-ar

عمليات الاتجار بالبشر : (Record no. 60193)

MARC details
000 -الفاتح
حقل البيانات ثابتة الطول 01290nam a22003137a 4500
005 - وقت وتاريخ اخر تعامل مع التسجيلة
رقم الضبط 20240530110357.0
008 - عناصر البيانات ثابتة الطول - معلومات عامة
حقل البيانات ثابتة الطول 141225s2010 ua g b 000 0 ara d
017 ## - رقم الايداع القانونى
رقم الايداع القانونى 2009/7011
المصدر ( الهيئة المختصة) مصر . دار الكتب المصرية
020 ## - الرقم الدولى المعيارى للكتب
الرقم الدولى المعيارى للكتاب 9773790721
040 ## - مصدر الفهرسة
وكالة الفهرسة الأصلية EG-CaGPL
041 0# - رمز اللغة
رمز لغة النص/ المسارات الصوتية أو العنوان الانفرادي ara
082 04 - رقم تصنيف ديوى العشرى
رقم الطبعة 21
رقم التصنيف 341.77\
رقم المادة هـ ع
100 0# - المدخل الرئيسى - إسم شخصى
الإسم الشخصى هانى السبكى
245 10 - بيان العنوان
العنوان عمليات الاتجار بالبشر :
بقية العنوان دراسة فى ضوء الشريعة الاسلامية و القانون الدولى و بعض التشريعات العربية و الاجنبية /
بيان المسئوليه,etc هانى السبكى
246 10 - العنوان الموازى
عنوان صحيح/عنوان مختصر Human Trafficking
250 ## - بيان الطبعة
بيان الطبعة ط1
260 ## - PUBLICATION, DISTRIBUTION, ETC. (IMPRINT)
تاريخ النشر أو التوزيع 2010
300 ## - الوصف المادى
التعداد 521 ص ؛
أبعاد الوعاء 24 سم
504 ## - تبصرة ببليوجرافية
تبصرة ببليوجرافية,الخ يشمل على ارجاعات ببليوجرافية
650 04 - المدخل الاضافى بالموضوع-مصطلح موضوعى
مصطلح موضوعي تجارة الاعضاء
650 04 - المدخل الاضافى بالموضوع-مصطلح موضوعى
مصطلح موضوعي جرائم ضد الانسانية
650 04 - المدخل الاضافى بالموضوع-مصطلح موضوعى
مصطلح موضوعي الجرائم الجنسية
650 04 - المدخل الاضافى بالموضوع-مصطلح موضوعى
مصطلح موضوعي البغاء
650 04 - المدخل الاضافى بالموضوع-مصطلح موضوعى
مصطلح موضوعي تجارة الاعضاء
التقسيم الفرعي العام قوانين وتشريعات
650 04 - المدخل الاضافى بالموضوع-مصطلح موضوعى
مصطلح موضوعي حقوق الاطفال
التقسيم الفرعي العام قوانين وتشريعات
650 04 - المدخل الاضافى بالموضوع-مصطلح موضوعى
مصطلح موضوعي حقوق المرأة
التقسيم الفرعي العام قوانين وتشريعات
942 ## - عناصر المدخل الإضافي( كوها)
مصدر التصنيف او مخطط الترفيف Dewey Decimal Classification
Koha [default] item type كتاب
260 ## - PUBLICATION, DISTRIBUTION, ETC. (IMPRINT)
-- الاسكندرية :
-- دار الفكر الجامعى ،
Holdings
حالة التراجع حالة الفقد حالة تلف ليس للاعارة المكان المؤقت الموقع الحالى تاريخ الاكتساب اجمالي اﻻعارات رقم الطلب الباركود تاريخ اخر مشاهدة تاريخ تفعيل السعر نوع وعاء كوها
        مكتبة القاهرة الكبرى مكتبة القاهرة الكبرى 01/13/2015   341.77\ هـ ع 159195 01/13/2015 01/13/2015 كتاب

Powered By

EGPV